[Event "Ä15Ï "]
[Site "Loo"]
[Date "2017.04.20"]
[Round "1.8"]
[White "ßêóøèíà, Åêàòåðèíà."]
[Black "Õàðèòîíîâà, Èðèíà."]
[Result "1-0"]
[WhiteElo "1744"]
[BlackElo "1476"]
[PlyCount "87"]
[EventDate "2017.04.20"]

1. d4 d5 2. Nf3 Nf6 3. c4 e6 4. g3 c6 5. Bg2 Bb4+ 6. Bd2 Be7 7. O-O O-O 8. Qc2
b6 9. Bf4 Bb7 10. Nbd2 Nbd7 11. e4 dxe4 12. Nxe4 Nxe4 13. Qxe4 Nf6 14. Qe2 Bd6
15. Ne5 Qc7 16. Rfd1 Rfd8 17. Rac1 Nd7 18. Nd3 Bxf4 19. Nxf4 Nf6 20. d5 exd5
21. cxd5 c5 22. b4 Qd6 23. bxc5 bxc5 24. Qb5 Qb6 25. Qxc5 Rd6 26. Qxb6 axb6 27.
Rc7 Ba6 28. h4 Nd7 29. Rc6 Rxc6 30. dxc6 Nf8 31. Nd5 Ne6 32. Nxb6 Rb8 33. Nd5
Kf8 34. Nc3 Rc8 35. Na4 Bb5 36. Nb6 Rc7 37. Rd7 Bxc6 38. Rxc7 Nxc7 39. Bxc6 Ke7
40. Nd5+ Nxd5 41. Bxd5 f6 42. Kg2 Kd6 43. Be4 h6 44. Kf3 1-0

[Event "Ä15Ï "]
[Site "Loo"]
[Date "2017.04.20"]
[Round "1.9"]
[White "Ñàðãóçèíà, Ìàðòà."]
[Black "Íèêîëàåâà, Êñåíèÿ."]
[Result "0-1"]
[WhiteElo "1462"]
[BlackElo "1743"]
[PlyCount "40"]
[EventDate "2017.04.20"]

1. d4 d5 2. Nf3 Nf6 3. e3 Bg4 4. Be2 e6 5. b3 Nbd7 6. Bb2 Ne4 7. O-O Bd6 8.
Nbd2 Ndf6 9. Ne5 Bxe2 10. Qxe2 O-O 11. c4 Nxd2 12. Qxd2 c5 13. dxc5 Bxc5 14.
cxd5 Nxd5 15. Rac1 Bb6 16. Nc4 Bc7 17. Qd4 Qg5 18. Nd2 Bb6 19. Qe4 Nxe3 20. Nf3
Qxg2# 0-1

[Event "Ä15Ï "]
[Site "Loo"]
[Date "2017.04.20"]
[Round "1.10"]
[White "Ëàðèíà, Òàòüÿíà."]
[Black "Êîíîíîâà, Àíàñòàñèÿ."]
[Result "1-0"]
[WhiteElo "1738"]
[BlackElo "1446"]
[PlyCount "119"]
[EventDate "2017.04.20"]

1. e4 e5 2. Nf3 Nf6 3. d4 Nxe4 4. Bd3 d5 5. Nxe5 Bd6 6. O-O O-O 7. Re1 Bxe5 8.
dxe5 Nc6 9. Bxe4 dxe4 10. Qxd8 Rxd8 11. Bf4 Re8 12. Nc3 Bf5 13. Nxe4 Nxe5 14.
Ng3 Ng6 15. Nxf5 Nxf4 16. g3 Ne6 17. c3 g6 18. Ne3 Rad8 19. Red1 Rxd1+ 20. Rxd1
Rd8 21. Rxd8+ Nxd8 22. Nd5 c6 23. Nf6+ Kg7 24. Ne4 f5 25. Nc5 b6 26. Nd3 Kf6
27. Kg2 Nf7 28. f4 c5 29. Kf3 Ke6 30. Ke3 h6 31. b3 a6 32. Ne1 b5 33. Nf3 g5
34. h3 g4 35. hxg4 fxg4 36. Nd2 Nd6 37. Ne4 Nxe4 38. Kxe4 h5 39. f5+ Kf7 40. b4
c4 41. Kf4 a5 42. bxa5 b4 43. a6 b3 44. axb3 cxb3 45. a7 b2 46. a8=Q b1=Q 47.
Qd5+ Kf8 48. Qd6+ Kg8 49. Qg6+ Kf8 50. Qh6+ Kg8 51. Qg6+ Kf8 52. Qxh5 Qc1+ 53.
Kxg4 Qd1+ 54. Kg5 Qd8+ 55. Kh6 Qd6+ 56. Qg6 Qd2+ 57. Kh7 Qd7+ 58. Kh8 Qd1 59.
f6 Qh5+ 60. Qh7 1-0

[Event "Ä15Ï "]
[Site "Loo"]
[Date "2017.04.20"]
[Round "1.11"]
[White "Ãàðáóçîâñêàÿ, Åëèçàâåòà."]
[Black "Ñëåñàðåâà, Ìèðàñëàâà."]
[Result "0-1"]
[WhiteElo "1445"]
[BlackElo "1725"]
[PlyCount "120"]
[EventDate "2017.04.20"]

1. d4 Nf6 2. c4 e6 3. Nc3 Bb4 4. a3 Bxc3+ 5. bxc3 d5 6. cxd5 exd5 7. Bg5 O-O 8.
Nf3 h6 9. Bh4 c6 10. e3 Be6 11. Qb3 b5 12. Bd3 Nbd7 13. O-O a6 14. Ne5 Qb6 15.
f4 Nxe5 16. fxe5 Nd7 17. Rf3 c5 18. Qc2 c4 19. Bf5 Bxf5 20. Qxf5 Qe6 21. Raf1
Qxf5 22. Rxf5 Rae8 23. R5f3 g5 24. Bg3 Re6 25. h4 f6 26. exf6 Rexf6 27. Rxf6
Rxf6 28. hxg5 hxg5 29. Rxf6 Nxf6 30. Bd6 Kf7 31. Kf1 Ke6 32. Bb4 Ne4 33. Ke2
Kf5 34. Kf3 Nd2+ 35. Ke2 Ne4 36. Kf3 g4+ 37. Ke2 Ke6 38. Kf1 Kd7 39. Ke2 Kc6
40. Kd1 Kb6 41. Kc2 Kc6 42. Kd1 Kd7 43. Ke2 Ke6 44. Kf1 Kf5 45. Ke2 Nf6 46. Kf2
Ke4 47. Be7 Nh5 48. Bb4 Kd3 49. Ba5 Nf6 50. Kg3 Kxe3 51. Bd8 Ne4+ 52. Kxg4 Nxc3
53. Kf5 Ne4 54. Ba5 Kxd4 55. g4 c3 56. Bxc3+ Kxc3 57. Ke5 Kc4 58. Kf5 a5 59. g5
Nxg5 60. Kxg5 d4 0-1

[Event "Ä15Ï "]
[Site "Loo"]
[Date "2017.04.20"]
[Round "1.12"]
[White "Ãèáàäóëëèíà, Ðàÿíà."]
[Black "Òåðåùåíêî, Äàðüÿ."]
[Result "1-0"]
[WhiteElo "1706"]
[BlackElo "1437"]
[PlyCount "87"]
[EventDate "2017.04.20"]

1. e4 e6 2. d4 d5 3. Nd2 dxe4 4. Nxe4 Nd7 5. Nf3 Ngf6 6. Bg5 h6 7. Nxf6+ Nxf6
8. Bh4 Be7 9. Bd3 b6 10. Ne5 Qd5 11. f3 g5 12. Bf2 Bb7 13. c3 Kf8 14. Qc2 Rg8
15. Bc4 Qd8 16. Bb5 a6 17. Be2 Bd6 18. O-O-O Qe7 19. h4 g4 20. Be3 gxf3 21.
Bxh6+ Ke8 22. Bxf3 Bxf3 23. gxf3 Bxe5 24. dxe5 Nd7 25. Qh7 Rg6 26. Rhg1 Rxg1
27. Rxg1 Qc5 28. Rg8+ Nf8 29. Rxf8+ Kd7 30. Qxf7+ Kc6 31. Rxa8 Qg1+ 32. Kc2
Qh2+ 33. Bd2 Qxe5 34. Qf4 Qh5 35. Ra7 Qh7+ 36. Qe4+ Qxe4+ 37. fxe4 a5 38. Bf4
Kb5 39. h5 c5 40. h6 a4 41. h7 a3 42. h8=Q c4 43. Qe5+ Kc6 44. Rc7# 1-0

[Event "Ä15Ï "]
[Site "Loo"]
[Date "2017.04.20"]
[Round "1.13"]
[White "Ñóðêîâà, Åêàòåðèíà."]
[Black "Ìîèñååâà, Îëåñÿ."]
[Result "1/2-1/2"]
[WhiteElo "1428"]
[BlackElo "1695"]
[PlyCount "122"]
[EventDate "2017.04.20"]

1. e4 e6 2. d4 d5 3. e5 c5 4. c3 Nc6 5. Nf3 Qb6 6. a3 a5 7. Be2 a4 8. O-O c4 9.
Qc2 Nge7 10. Be3 Ng6 11. Bxc4 dxc4 12. d5 Bc5 13. Bxc5 Qxc5 14. dxc6 Qxc6 15.
Nd4 Qc5 16. f4 O-O 17. Nd2 b5 18. Ne4 Qb6 19. Nd6 Bd7 20. Qf2 f6 21. N4xb5
Qxf2+ 22. Rxf2 Bxb5 23. Nxb5 fxe5 24. Nc7 Ra7 25. Nxe6 Rf6 26. f5 Nh4 27. g4 g6
28. Raf1 gxf5 29. gxf5 Nxf5 30. Ng5 Rg7 31. Rxf5 Rxf5 32. Rxf5 h6 33. h4 hxg5
34. hxg5 Re7 35. Kf2 Kg7 36. Ke3 Kg6 37. Ke4 Rb7 38. Rxe5 Rxb2 39. Ra5 Rb3 40.
Rxa4 Rxc3 41. Kd4 Rg3 42. Kxc4 Kxg5 43. Kb4 Kf5 44. Ra5+ Ke6 45. Rc5 Kd6 46.
Rc4 Rg8 47. a4 Kd5 48. Rc5+ Kd6 49. a5 Ra8 50. Rc4 Kd5 51. Rc1 Rb8+ 52. Ka4 Rb2
53. a6 Ra2+ 54. Kb5 Rb2+ 55. Ka5 Ra2+ 56. Kb6 Rb2+ 57. Ka7 Kd6 58. Rc8 Kd7 59.
Rb8 Ra2 60. Rb3 Kc7 61. Rc3+ Kd7 1/2-1/2

[Event "Ä15Ï "]
[Site "Loo"]
[Date "2017.04.20"]
[Round "1.14"]
[White "Øóáèíà, Åêàòåðèíà."]
[Black "Ìîèñååâà, Ïîëèíà."]
[Result "1/2-1/2"]
[WhiteElo "1692"]
[BlackElo "1425"]
[PlyCount "152"]
[EventDate "2017.04.20"]

1. Nf3 c5 2. b3 Nc6 3. Bb2 Nf6 4. e3 b6 5. d4 e6 6. Bd3 cxd4 7. exd4 Bb7 8. O-O
Be7 9. c4 O-O 10. Qe2 Nb4 11. Nbd2 Nxd3 12. Qxd3 Qc7 13. Rac1 Ba6 14. Rfd1 d5
15. Ne5 Rfd8 16. Qh3 Qd6 17. Ndf3 Ne4 18. cxd5 exd5 19. Rc6 Qb4 20. Qf5 Nd6 21.
Rxd6 Qxd6 22. Nxf7 Qd7 23. Qh5 Be2 24. Nxd8 g6 25. Qe5 Bxd1 26. Nc6 Qxc6 27.
Qxe7 Bxf3 28. gxf3 Re8 29. Qxa7 Ra8 30. Qe7 Rxa2 31. Ba3 Qc8 32. Qd6 Kh8 33.
Qe5+ Kg8 34. Qxd5+ Kg7 35. Qe5+ Kg8 36. Qe7 Rc2 37. Bd6 Rc3 38. Qf6 Rxb3 39.
Be5 Qd7 40. Qh8+ Kf7 41. Qxh7+ Ke6 42. Qxg6+ Kd5 43. Qe4+ Ke6 44. Qg4+ Ke7 45.
Qg5+ Ke6 46. Qg8+ Qf7 47. d5+ Ke7 48. Bd6+ Kf6 49. Qd8+ Kg6 50. Bg3 Qxf3 51.
Qg8+ Kh6 52. Qe6+ Kh7 53. Qd7+ Kg6 54. Qc6+ Kh7 55. Qc2+ Kh6 56. Qc1+ Kh5 57.
Qa1 Kg6 58. Qc1 Kh5 59. Qf1 Kg5 60. h4+ Kh5 61. Qg2 Rb1+ 62. Kh2 Qxg2+ 63. Kxg2
Rd1 64. d6 b5 65. Kf3 b4 66. Ke4 b3 67. Be5 Re1+ 68. Kf5 Rxe5+ 69. Kxe5 b2 70.
d7 b1=Q 71. d8=Q Qe1+ 72. Kd6 Qd2+ 73. Kc7 Qxd8+ 74. Kxd8 Kxh4 75. f4 Kg4 76.
f5 Kxf5 1/2-1/2

[Event "Ä15Ï "]
[Site "Loo"]
[Date "2017.04.20"]
[Round "1.15"]
[White "Áàäðàêîâà, Êñåíèÿ."]
[Black "Ãðóíèíà, Ìàðãàðèòà."]
[Result "0-1"]
[WhiteElo "1422"]
[BlackElo "1678"]
[PlyCount "48"]
[EventDate "2017.04.20"]

1. e4 c5 2. Nc3 Nc6 3. g3 g6 4. Bg2 Bg7 5. f4 e6 6. d3 d6 7. Nf3 Nge7 8. O-O
O-O 9. Be3 b6 10. Rb1 Rb8 11. Bf2 Ba6 12. Re1 Qd7 13. Qd2 f5 14. h3 Nd4 15. Ne2
Nxf3+ 16. Bxf3 Nc6 17. g4 Rbe8 18. exf5 gxf5 19. g5 e5 20. c3 d5 21. Rbd1 d4
22. Bxc6 Qxc6 23. fxe5 dxc3 24. bxc3 Bb7 0-1

[Event "Ä15Ï "]
[Site "Loo"]
[Date "2017.04.20"]
[Round "1.16"]
[White "Ôàéðóçîâà, Çóëüôèÿ."]
[Black "Äæàêèÿåâà, Ìàäèíà."]
[Result "1-0"]
[WhiteElo "1677"]
[BlackElo "1408"]
[PlyCount "103"]
[EventDate "2017.04.20"]

1. d4 d5 2. c4 dxc4 3. Nc3 Bf5 4. e4 Bg6 5. Bxc4 e6 6. Be3 Bb4 7. f3 a6 8. Nge2
Nc6 9. O-O Nf6 10. a3 Ba5 11. b4 Bb6 12. Na4 Ba7 13. Nc5 Rb8 14. Bf2 O-O 15.
Rc1 Bxc5 16. bxc5 Qe7 17. Qd2 Rfd8 18. Qc3 h6 19. Rfe1 Rd7 20. Rcd1 Qd8 21. Nf4
Bh7 22. Ne2 Kh8 23. Bb3 Na7 24. Bc4 c6 25. Bg3 Ra8 26. a4 Nh5 27. Rb1 Nxg3 28.
hxg3 Nc8 29. Rb3 Qc7 30. Reb1 Ra7 31. R1b2 Bg8 32. Nf4 Ne7 33. Nh5 f6 34. f4
Bf7 35. g4 Bxh5 36. gxh5 Qxf4 37. Bxe6 Rc7 38. Qf3 Qg5 39. Kf2 Qh4+ 40. Qg3
Qxg3+ 41. Kxg3 Kh7 42. Kf4 g5+ 43. Ke3 Kg7 44. g4 Kf8 45. Kd3 Ng8 46. Kc4 Re7
47. d5 cxd5+ 48. exd5 Rg7 49. d6 Ke8 50. Bxg8 Rxg8 51. Rxb7 Ra8 52. Rb8+ 1-0

[Event "Ä15Ï "]
[Site "Loo"]
[Date "2017.04.20"]
[Round "1.17"]
[White "Øàïîâàëîâà, Âèêòîðèÿ."]
[Black "Êðåíäÿñåâà, Âàëåðèÿ."]
[Result "0-1"]
[WhiteElo "1400"]
[BlackElo "1670"]
[PlyCount "78"]
[EventDate "2017.04.20"]

1. c4 Nf6 2. Nc3 d5 3. cxd5 Nxd5 4. Nf3 Nc6 5. g3 Nxc3 6. bxc3 e5 7. d3 Bd6 8.
Bg2 O-O 9. O-O f6 10. Rb1 Rb8 11. Ne1 Be6 12. Qa4 Bd7 13. Qc4+ Kh8 14. Nc2 Qe7
15. Rd1 Na5 16. Qe4 Bc6 17. Qe3 Bxg2 18. Kxg2 a6 19. Nb4 Bc5 20. Qf3 Rfd8 21.
Be3 Bxe3 22. Qxe3 c5 23. Nc2 b5 24. Qe4 Qe6 25. a3 f5 26. Qe3 Rbc8 27. f4 Qc6+
28. Kg1 e4 29. Kf2 h6 30. Kg1 Re8 31. Qd2 Rcd8 32. Ne3 Qe6 33. Kf2 Nb3 34. Qc2
exd3 35. Rxd3 Rxd3 36. Qxd3 c4 37. Nxc4 bxc4 38. Qc2 Qe3+ 39. Kf1 Nd2+ 0-1

[Event "Ä15Ï "]
[Site "Loo"]
[Date "2017.04.20"]
[Round "1.18"]
[White "Ãóðîâà, Íàòàëèÿ."]
[Black "Èâàíàåâà, Àëèíà."]
[Result "1-0"]
[WhiteElo "1644"]
[BlackElo "1379"]
[PlyCount "119"]
[EventDate "2017.04.20"]

1. d4 d5 2. Nf3 Nf6 3. e3 Bf5 4. Be2 e6 5. O-O Be7 6. c4 O-O 7. Nc3 Nbd7 8. Qb3
dxc4 9. Qxb7 Nb6 10. Ne5 Bd6 11. e4 Rb8 12. Qc6 Bxe4 13. Nxe4 Nxe4 14. Qxe4
Bxe5 15. dxe5 Qd5 16. Qf4 Rfd8 17. Be3 Nd7 18. Rfd1 Qxe5 19. Rxd7 Qxf4 20.
Rxd8+ Rxd8 21. Bxf4 Rb8 22. Rd1 h6 23. Bxc4 Rxb2 24. Rd8+ Kh7 25. Bd3+ g6 26.
Rh8+ Kxh8 27. Be5+ Kg8 28. Bxb2 f5 29. Be5 c6 30. Bb8 a5 31. a4 Kf7 32. Bc7 Kf6
33. Bxa5 e5 34. Bd8+ Ke6 35. a5 Kd7 36. a6 Kc8 37. a7 Kb7 38. Bb6 e4 39. Ba6+
Ka8 40. Bc8 h5 41. Bd7 Kb7 42. Bc5 f4 43. Bxc6+ Kxc6 44. a8=Q+ Kxc5 45. Qd8 e3
46. fxe3 fxe3 47. Kf1 Kc4 48. Qd6 g5 49. Ke2 g4 50. Kxe3 h4 51. Qe5 h3 52. g3
Kb4 53. Qd5 Kc3 54. Qd4+ Kb3 55. Qc5 Kb2 56. Qc4 Ka3 57. Kd2 Kb2 58. Qb4+ Ka1
59. Kc2 Ka2 60. Qa4# 1-0

[Event "Ä15Ï "]
[Site "Loo"]
[Date "2017.04.20"]
[Round "1.19"]
[White "Øåëåæîíêîâà, Êñåíèÿ."]
[Black "Ïàêååâà, Íàìëàíà."]
[Result "1/2-1/2"]
[WhiteElo "1374"]
[BlackElo "1630"]
[PlyCount "80"]
[EventDate "2017.04.20"]

1. e4 c5 2. Nf3 Nc6 3. d4 cxd4 4. Nxd4 e5 5. Nb5 d6 6. N1c3 a6 7. Na3 Be7 8.
Nd5 Nf6 9. Nxe7 Nxe7 10. Nc4 Nxe4 11. f3 b5 12. fxe4 bxc4 13. Bxc4 Bb7 14. O-O
O-O 15. Qd3 d5 16. exd5 Bxd5 17. Bxd5 Nxd5 18. Kh1 Nb4 19. Qe4 Qd6 20. Be3 Rac8
21. c3 Nc6 22. Rad1 Qe6 23. Qa4 f5 24. Bc5 Rfd8 25. Qxa6 Ra8 26. Rxd8+ Rxd8 27.
b4 Rd2 28. a4 f4 29. b5 Qc4 30. Qxc6 Qxf1+ 31. Bg1 h6 32. Qc8+ Kh7 33. Qf5+ Kg8
34. Qc8+ Kh7 35. Qf5+ Kg8 36. Qc8+ Kh7 37. Qf5+ Kg8 38. Qc8+ Kh7 39. Qf5+ Kg8
40. Qc8+ Kh7 1/2-1/2

[Event "Ä15Ï "]
[Site "Loo"]
[Date "2017.04.20"]
[Round "1.20"]
[White "Øàìñóòäèíîâà, Êàðèíà."]
[Black "Øàäðóõèíà, Ñâåòëàíà."]
[Result "1-0"]
[WhiteElo "1617"]
[BlackElo "1368"]
[PlyCount "53"]
[EventDate "2017.04.20"]

1. d4 d5 2. c4 e6 3. Nc3 Nf6 4. Nf3 c6 5. e3 Bd6 6. Qc2 O-O 7. Bd3 g6 8. O-O
Nbd7 9. c5 Bc7 10. b4 Qe7 11. Bb2 Nh5 12. b5 e5 13. Nd2 e4 14. Be2 Ndf6 15. a4
a5 16. bxa6 bxa6 17. a5 Bg4 18. Qd1 Bxe2 19. Qxe2 Qd7 20. h3 Rfb8 21. Ra2 Qd8
22. g4 Ng7 23. f3 exf3 24. Qxf3 Nge8 25. g5 Nh5 26. Qxf7+ Kh8 27. Qf8# 1-0

[Event "Ä15Ï "]
[Site "Loo"]
[Date "2017.04.20"]
[Round "1.21"]
[White "Ìàëüöåâñêàÿ, Àííà."]
[Black "Òèíèíà, Êðèñòèíà."]
[Result "0-1"]
[WhiteElo "1358"]
[BlackElo "1611"]
[PlyCount "66"]
[EventDate "2017.04.20"]

1. e4 c5 2. Nf3 d6 3. d4 cxd4 4. Nxd4 Nf6 5. Nc3 Nc6 6. Be3 e5 7. Nf3 Be7 8.
Bc4 O-O 9. Qd2 a6 10. Rd1 Bg4 11. Nh4 Bxd1 12. Qxd1 g6 13. Bh6 Re8 14. Qf3 Bf8
15. Bxf8 Kxf8 16. Nd5 Nxd5 17. Bxd5 Re7 18. O-O Nd4 19. Qf6 Ke8 20. f4 Ne2+ 21.
Kh1 Nxf4 22. Bb3 Ne6 23. c4 Nc5 24. Bc2 a5 25. Nf3 Re6 26. Qh8+ Ke7 27. Qxh7
Qh8 28. Qxh8 Rxh8 29. Ng5 Rf6 30. Rd1 Ne6 31. Nf3 g5 32. Rd5 g4 33. Ne1 Rf1#
0-1

[Event "Ä15Ï "]
[Site "Loo"]
[Date "2017.04.20"]
[Round "1.22"]
[White "Ëûñîêîíü, Ïîëèíà."]
[Black "Áåëîâà, Êñåíèÿ."]
[Result "1-0"]
[WhiteElo "1610"]
[BlackElo "1352"]
[PlyCount "107"]
[EventDate "2017.04.20"]

1. d4 Nf6 2. Nc3 g6 3. e4 Bg7 4. e5 Ng8 5. Nf3 e6 6. Be3 Ne7 7. Qd2 Nbc6 8.
O-O-O d5 9. g4 a5 10. Bh6 Kf8 11. Bxg7+ Kxg7 12. h4 Ng8 13. h5 Nce7 14. Bd3 Qe8
15. Rh2 Bd7 16. Rdh1 b5 17. hxg6 Nxg6 18. Bxg6 fxg6 19. Ng5 h6 20. f4 a4 21.
Qe3 b4 22. Nxd5 exd5 23. e6 Bb5 24. Nf7 Rh7 25. Qe5+ Kf8 26. Nxh6 Rxh6 27. Rxh6
Ra6 28. Rh7 Qxe6 29. Rxc7 Qxe5 30. dxe5 Rc6 31. Rxc6 Bxc6 32. b3 axb3 33. cxb3
d4 34. Rd1 Bf3 35. Rxd4 Bxg4 36. Rxb4 Ne7 37. a4 Nd5 38. Rd4 Be6 39. a5 Nc3 40.
Kc2 Nb5 41. Rb4 Bd7 42. a6 Ke7 43. Kd3 Ke6 44. Kc4 Nc7 45. a7 Bc6 46. Rb6 Kd7
47. b4 Na8 48. Ra6 Kc7 49. b5 Be8 50. Rd6 Kb7 51. b6 Bc6 52. Kc5 Nxb6 53. Rxc6
Nc8 54. Rxc8 1-0

[Event "Ä15Ï "]
[Site "Loo"]
[Date "2017.04.20"]
[Round "1.23"]
[White "Àñàòðÿí, Ìàðèÿ."]
[Black "Ëîñü, ßíà."]
[Result "0-1"]
[WhiteElo "1349"]
[BlackElo "1609"]
[PlyCount "106"]
[EventDate "2017.04.20"]

1. d4 Nf6 2. c4 c5 3. Nf3 g6 4. g3 Bg7 5. Bg2 O-O 6. O-O cxd4 7. Nxd4 Nc6 8. e3
d5 9. cxd5 Nxd5 10. Qb3 Nxd4 11. exd4 Nb6 12. Be3 Be6 13. Qb4 Qd7 14. Nc3 Rfd8
15. Rfd1 Rac8 16. Ne2 Rc4 17. Qd2 Bd5 18. b3 Rc6 19. Rac1 Bxg2 20. Kxg2 Rd6 21.
Qa5 e5 22. d5 Nxd5 23. Re1 Nxe3+ 24. fxe3 Rd2 25. Kg1 Bh6 26. Nd4 Rxd4 27. exd4
Qxd4+ 28. Kg2 Bxc1 29. Rxc1 Qd2+ 30. Qxd2 Rxd2+ 31. Kg1 Rxa2 32. Rc7 b6 33. Re7
f6 34. Re6 Kf7 35. Rc6 e4 36. h4 e3 37. Kf1 Rf2+ 38. Ke1 Rg2 39. Rc7+ Ke6 40.
Rxh7 Rxg3 41. Rxa7 Rg2 42. Ra6 f5 43. Rxb6+ Ke5 44. Rc6 Ke4 45. Kf1 Kf3 46. Rc3
Rb2 47. Kg1 Rb1+ 48. Kh2 Kf2 49. Rc2+ e2 50. b4 Kf1 51. Kh3 e1=Q 52. b5 Rb3+
53. Kh2 Qxh4# 0-1

[Event "Ä15Ï "]
[Site "Loo"]
[Date "2017.04.20"]
[Round "1.24"]
[White "Âîëêîäàâ, Îëüãà."]
[Black "Ìàòþíèíà, Ñîôüÿ."]
[Result "0-1"]
[WhiteElo "1607"]
[BlackElo "1348"]
[PlyCount "120"]
[EventDate "2017.04.20"]

1. e4 e5 2. Bc4 Nf6 3. Nc3 Nc6 4. d3 Bb4 5. Bd2 d6 6. f4 Be6 7. Bb3 Qe7 8. Nge2
O-O 9. O-O Ng4 10. h3 Bc5+ 11. Kh1 Nf2+ 12. Rxf2 Bxf2 13. Qf1 Bd4 14. fxe5 dxe5
15. Qf3 Bxb3 16. axb3 Bxc3 17. Nxc3 Nd4 18. Qd1 c6 19. Na2 f5 20. c3 Nb5 21.
Qe2 Nd6 22. Nb4 fxe4 23. dxe4 Qh4 24. Re1 Rf2 25. Qd3 Rd8 26. Rd1 Qxe4 27. Qg3
Rdf8 28. Bh6 Qg6 29. Qxg6 hxg6 30. Rxd6 gxh6 31. Rxg6+ Kh7 32. Re6 Rg8 33. g4
Re2 34. Nd3 Rd8 35. Re7+ Kg8 36. Rxe5 Rxe5 37. Nxe5 Rd2 38. Nc4 Re2 39. b4 Kg7
40. Nd6 b5 41. Nf5+ Kf6 42. Nd4 Rxb2 43. Nxc6 a6 44. Nd4 Kg5 45. Nf3+ Kf4 46.
Nh4 Kg3 47. Nf5+ Kxh3 48. Kg1 Kxg4 49. Nxh6+ Kf3 50. Nf5 Ke4 51. Ne7 Kd3 52.
Nd5 Kc4 53. Ne3+ Kxc3 54. Nd1+ Kb3 55. Nf2 Kxb4 56. Nd3+ Kc3 57. Nf2 Rxf2 58.
Kxf2 Kb2 59. Ke2 a5 60. Kd2 a4 0-1

[Event "Ä15Ï "]
[Site "Loo"]
[Date "2017.04.20"]
[Round "1.25"]
[White "Ëàçóðåíêî, Êñåíèÿ."]
[Black "Õîìÿê, Àëåêñàíäðà."]
[Result "1-0"]
[WhiteElo "1343"]
[BlackElo "1599"]
[PlyCount "89"]
[EventDate "2017.04.20"]

1. d4 Nf6 2. c4 e6 3. Nf3 Bb4+ 4. Bd2 a5 5. e3 b6 6. Nc3 Bb7 7. Be2 O-O 8. O-O
Bxc3 9. Bxc3 Ne4 10. Qc2 f5 11. Nd2 d6 12. Bf3 d5 13. Nxe4 fxe4 14. Bg4 Qe7 15.
cxd5 exd5 16. a3 Ba6 17. Be2 Bxe2 18. Qxe2 Rf5 19. b4 Nc6 20. Qb5 Qd6 21. Rfc1
a4 22. Be1 Ne7 23. Rc2 Kf7 24. Rac1 Ra7 25. Rc3 Rf6 26. Qe2 Qd7 27. b5 Ke8 28.
Qh5+ Kf8 29. Qe2 Ke8 30. Qh5+ Kf8 31. Qe2 h6 32. R3c2 Ke8 33. Bb4 Kd8 34. Rc3
c6 35. Bxe7+ Qxe7 36. bxc6 Kc7 37. Qb5 Ra5 38. Qb2 Qe8 39. Rb1 Qb8 40. Rc5 Rxc5
41. dxc5 Kxc6 42. Qb5+ Kb7 43. Qd7+ Qc7 44. Qxd5+ Qc6 45. Rxb6+ 1-0

[Event "Ä15Ï "]
[Site "Loo"]
[Date "2017.04.20"]
[Round "1.26"]
[White "Êîçûðåâà, Ìàðèíà."]
[Black "Êðàñíþê, Âåðîíèêà."]
[Result "1-0"]
[WhiteElo "1598"]
[BlackElo "1337"]
[PlyCount "109"]
[EventDate "2017.04.20"]

1. d4 d5 2. c4 c6 3. cxd5 cxd5 4. Nc3 g6 5. Bf4 Bg7 6. Nf3 Nc6 7. e3 a6 8. Bd3
e6 9. O-O Nge7 10. Rc1 Qb6 11. Na4 Qa5 12. a3 O-O 13. Qb3 Qd8 14. Qc3 f6 15. b4
h5 16. h4 Bd7 17. Nc5 Bc8 18. Bh2 Bh6 19. Bf4 Bxf4 20. exf4 Qc7 21. g3 e5 22.
dxe5 fxe5 23. Nxe5 Nxe5 24. Qxe5 Qxe5 25. fxe5 Kg7 26. f4 Ra7 27. Nb3 Bf5 28.
Rfd1 Rd8 29. Nd4 Bg4 30. Rd2 Kf7 31. Rc7 Rd7 32. Rxd7 Bxd7 33. Rc2 b5 34. Kf2
Bf5 35. Bxf5 Nxf5 36. Nxf5 gxf5 37. Ke3 Kg8 38. Kd4 Rg7 39. Kxd5 Rxg3 40. Ke6
Rh3 41. Kxf5 Rxh4 42. Rg2+ Kf7 43. e6+ Kf8 44. Rc2 Rg4 45. Rc7 Rg7 46. Rxg7
Kxg7 47. Kg5 h4 48. Kxh4 Kf6 49. f5 Kg7 50. Kg5 Kf8 51. f6 Kg8 52. Kg6 Kf8 53.
f7 Ke7 54. Kg7 Kxe6 55. f8=Q 1-0

[Event "Ä15Ï "]
[Site "Loo"]
[Date "2017.04.20"]
[Round "1.27"]
[White "Èâàíîâà, Ìàðèÿ."]
[Black "Òëåöåðè, Äæóëüåòòà."]
[Result "1-0"]
[WhiteElo "1328"]
[BlackElo "1575"]
[PlyCount "95"]
[EventDate "2017.04.20"]

1. e4 c5 2. Nf3 e6 3. d4 cxd4 4. Nxd4 Nf6 5. Nc3 Nc6 6. Ndb5 d6 7. Bf4 e5 8.
Bg5 a6 9. Na3 b5 10. Nd5 Be7 11. Bxf6 Bxf6 12. c3 Bg5 13. Be2 O-O 14. O-O f5
15. Bf3 Ra7 16. Nc2 f4 17. Qd3 Be6 18. Rfd1 Rd7 19. Rd2 Na5 20. Na3 Bxd5 21.
Qxd5+ Kh8 22. Rad1 Be7 23. b4 Nb7 24. Qc6 Qc7 25. Qxa6 Qxc3 26. Bg4 Rdd8 27.
Qxb7 Bg5 28. Rd3 Qxb4 29. Qxb5 Qxe4 30. Qd5 Qa4 31. Qc4 Qa5 32. Qb5 Qc7 33. Nc4
Be7 34. a4 Rb8 35. Qd7 Qxc4 36. Qxe7 Qxa4 37. Rxd6 Rfe8 38. Qc7 Qb4 39. Rd7 Qf8
40. Rf7 Qg8 41. h3 Rf8 42. Re7 Rf6 43. Red7 Rff8 44. Re7 Rf6 45. Ra1 Qf8 46.
Qxe5 Qd8 47. Re1 Rf8 48. Qxg7# 1-0

[Event "Ä15Ï "]
[Site "Loo"]
[Date "2017.04.20"]
[Round "1.28"]
[White "Àíäðååâà, Àíàñòàñèÿ."]
[Black "Ìåðåìüÿíèíà, Êñåíèÿ."]
[Result "1-0"]
[WhiteElo "1565"]
[BlackElo "1322"]
[PlyCount "119"]
[EventDate "2017.04.20"]

1. e3 e5 2. d4 exd4 3. exd4 d5 4. Bd3 Bd6 5. h3 Ne7 6. c3 Bf5 7. Qc2 Bg6 8. Ne2
Nd7 9. Bf4 Nf6 10. Nd2 Bxd3 11. Qxd3 Ng6 12. Qe3+ Qe7 13. Qxe7+ Kxe7 14. Bxd6+
cxd6 15. O-O Rhe8 16. Ng3 Kf8 17. Rfe1 Nf4 18. Re3 Rxe3 19. fxe3 N4h5 20. Nf5
Ne8 21. e4 dxe4 22. Nxe4 d5 23. Nc5 Nhf6 24. Re1 b6 25. Nd3 Ne4 26. Nf2 N8f6
27. Nxe4 Nxe4 28. Ne3 Rd8 29. Nxd5 Nd2 30. Nf4 Rd6 31. Re2 Nc4 32. Nd3 f6 33.
b3 Na5 34. Nf4 Kf7 35. Kf2 b5 36. Nd3 Rc6 37. Nc5 Rc7 38. Re3 Nc6 39. Rg3 Ne7
40. Rxg7+ Ke8 41. Rxh7 Rc6 42. Rh8+ Kf7 43. Ra8 Rc7 44. Rf8+ Kg6 45. Rb8 Nd5
46. Rg8+ Kh7 47. Rg3 Rc8 48. Rf3 Rf8 49. g4 Kg6 50. h4 Rh8 51. h5+ Kf7 52. Ne4
Rh6 53. c4 bxc4 54. bxc4 Nb4 55. Nd6+ Kf8 56. Re3 Nxa2 57. Re8+ Kg7 58. Nf5+
Kf7 59. Re7+ Kf8 60. Rxa7 1-0

[Event "Ä15Ï "]
[Site "Loo"]
[Date "2017.04.20"]
[Round "1.29"]
[White "Íèêîíîðîâà, Ìåëàíèÿ."]
[Black "Êàìàåâà, Äæàìèëÿ."]
[Result "0-1"]
[WhiteElo "1321"]
[BlackElo "1563"]
[PlyCount "98"]
[EventDate "2017.04.20"]

1. e4 e5 2. Nf3 Nc6 3. Bc4 Nf6 4. d3 Bc5 5. O-O O-O 6. c3 d6 7. h3 Bb6 8. Re1
Be6 9. Bb5 Qd7 10. d4 exd4 11. cxd4 d5 12. Ne5 Qd6 13. Bxc6 bxc6 14. exd5 cxd5
15. Nc3 Qb4 16. Nc6 Qc4 17. Qa4 Qxa4 18. Nxa4 Rfe8 19. Nxb6 axb6 20. Ne5 h6 21.
Be3 Nd7 22. Bf4 c5 23. Nxd7 Bxd7 24. Rxe8+ Rxe8 25. dxc5 bxc5 26. Bd6 c4 27.
Bb4 d4 28. Re1 Be6 29. Re4 Rd8 30. Kf1 Kh7 31. a3 Kg6 32. Bc5 d3 33. Rd4 Bd5
34. f3 Kf5 35. Kf2 Ke6 36. Ke3 g5 37. Kd2 Rc8 38. Bb4 Re8 39. Kc3 Ke5 40. Bc5
Rc8 41. Bb4 f5 42. Be7 Rb8 43. Bb4 Rb7 44. Bc5 Rb3+ 45. Kd2 Rxb2+ 46. Kc3 Rxg2
47. a4 Rc2+ 48. Kb4 Bxf3 49. a5 d2 0-1

[Event "Ä15Ï "]
[Site "Loo"]
[Date "2017.04.20"]
[Round "1.30"]
[White "Ìàêàðîâà, Àíàñòàñèÿ."]
[Black "Êðûëîâà, Ìàðèÿ."]
[Result "1-0"]
[WhiteElo "1562"]
[BlackElo "1308"]
[PlyCount "87"]
[EventDate "2017.04.20"]

1. d4 d5 2. e3 Bf5 3. f4 Nf6 4. Bd3 Bxd3 5. Qxd3 e6 6. Nf3 Nbd7 7. Nbd2 Be7 8.
O-O O-O 9. c3 c5 10. Ne5 a6 11. Rf3 cxd4 12. exd4 Nxe5 13. fxe5 Nd7 14. Rh3 g6
15. Nf3 b5 16. Qe3 Re8 17. Qh6 Nf8 18. Ng5 Bxg5 19. Bxg5 f6 20. exf6 Qd7 21.
Rf1 Qf7 22. Bf4 Red8 23. Be5 Ra7 24. Rf4 Nd7 25. Qg5 Nxe5 26. Qxe5 Rf8 27. Re3
Re8 28. Rf1 a5 29. Qd6 Qf8 30. Rxe6 Rd8 31. Qxf8+ Kxf8 32. Rb6 b4 33. cxb4 axb4
34. Ra1 Kf7 35. Rxb4 Kxf6 36. Rf1+ Ke7 37. a3 Rc8 38. Re1+ Kf6 39. Rb6+ Kf7 40.
Re5 Rd8 41. Rb5 Rad7 42. a4 Ra7 43. a5 Rda8 44. Rexd5 1-0

[Event "Ä15Ï "]
[Site "Loo"]
[Date "2017.04.20"]
[Round "1.31"]
[White "Åãîðîâà, Àíàñòàñèÿ."]
[Black "Øàðèêîâà, Àðèíà."]
[Result "1/2-1/2"]
[WhiteElo "1308"]
[BlackElo "1560"]
[PlyCount "69"]
[EventDate "2017.04.20"]

1. d4 d5 2. c4 c6 3. e3 Nf6 4. Nc3 Bf5 5. Nf3 e6 6. Be2 Be7 7. O-O O-O 8. h3
Nbd7 9. b3 Ne4 10. Nxe4 Bxe4 11. Bb2 f5 12. Nd2 f4 13. exf4 Rxf4 14. Nxe4 Rxe4
15. Bd3 Rf4 16. Qh5 Rh4 17. Qe2 Nf8 18. Qc2 Bd6 19. Be2 Qg5 20. Bc1 Bf4 21.
Bxf4 Qxf4 22. Rad1 Qg5 23. Qd2 Qxd2 24. Rxd2 Rf4 25. Re1 Rd8 26. g3 Rf6 27. Kg2
g6 28. Rf1 h5 29. Rdd1 Rf7 30. Kh2 Rf6 31. Kg2 Rf7 32. Kh2 Rf6 33. Kg2 Rf7 34.
Kh2 Rf6 35. Kg2 1/2-1/2